INTRODUZIONE A S. TOMMASO. LA METAFISICA TOMISTA E IL PENSIERO MODERNO. (Record n. 304892)

Dettagli MARC
000 -LEADER
fixed length control field 01237nam a2200229Ia 4500
001 - CONTROL NUMBER
control field L140-991B
003 - CONTROL NUMBER IDENTIFIER
control field IT-CnALBA
008 - FIXED-LENGTH DATA ELEMENTS--GENERAL INFORMATION
fixed length control field 170116s9999||||xx |||||||||||||| ||und||
040 ## - CATALOGING SOURCE
Original cataloging agency IT-CnALBA
Transcribing agency IT-CnALBA
041 ## - LANGUAGE CODE
Language code of text/sound track or separate title ITALIANO
999 ## - SYSTEM CONTROL NUMBERS (KOHA)
Koha Dewey Subclass [OBSOLETE] NO
100 ## - MAIN ENTRY--PERSONAL NAME
Personal name FABRO P. CORNELIO, CSS.
245 #0 - TITLE STATEMENT
Title INTRODUZIONE A S. TOMMASO. LA METAFISICA TOMISTA E IL PENSIERO MODERNO.
250 ## - EDITION STATEMENT
Edition statement 1a ed.
260 ## - PUBLICATION, DISTRIBUTION, ETC. (IMPRINT)
Place of publication, distribution, etc. ROMA, MILANO.
Name of publisher, distributor, etc. ARES EDIZIONI
Date of publication, distribution, etc. 1997 [1° Ed.:1997 - Ed.Ling.Originale: 1997]
300 ## - PHYSICAL DESCRIPTION
Extent 336 p.
500 ## - GENERAL NOTE
General note RAGIONE E FEDE. PREFAZIONE DI COTTIER G. BIOGRAFIA ESSENZIALE. OPERA DI S. TOMMASO. TOMISMO, FORMAZIONE. PRINCIPI. SVILUPPO STORICO. TOMISMO E MAGISTERO DELLA CHIESA. AUTORITÀ DI S. TOMMASO. SCOLASTICA E TOMISMO. NUCLEO. E PENSIERO MODERNO. IL FUTURO DEL
501 ## - WITH NOTE
With note Società San Paolo EM - Piazza San Paolo, 14 - 12051 ALBA (CN) (non commercial uses only) ® Copyright 2017
520 ## - SUMMARY, ETC.
Summary, etc. RAGIONE E FEDE. PREFAZIONE DI COTTIER G. BIOGRAFIA ESSENZIALE. OPERA DI S. TOMMASO. TOMISMO, FORMAZIONE. PRINCIPI. SVILUPPO STORICO. TOMISMO E MAGISTERO DELLA CHIESA. AUTORITÀ DI S. TOMMASO. SCOLASTICA E TOMISMO. NUCLEO. E PENSIERO MODERNO. IL FUTURO DEL
650 ## - SUBJECT ADDED ENTRY--TOPICAL TERM
Topical term or geographic name as entry element SISTEMI FILOSOFICI
942 ## - ADDED ENTRY ELEMENTS (KOHA)
Koha item type LIBRO
957 ## -
-- 1
999 ## - SYSTEM CONTROL NUMBERS (KOHA)
-- Copie: 1
Dati di copia
Withdrawn status Lost status Damaged status Not for loan Home library Current library Date acquired Total Checkouts Full call number Date last seen Price effective from Koha item type Public note
    Buone Condizioni Not For Loan ALBA - Biblioteca ALBA - Biblioteca 16/01/2017   L140-991B 16/01/2017 16/01/2017 LIBRO (data import: 16 gennaio 2017) - By Epidotti, Vaglietti.
CREDITS: SOCIETA' SAN PAOLO Via A.Severo, 58 - ROMA (RM) & PERIODICI SAN PAOLO SRL Via Giotto, 36 MILANO & CISF Via Giotto, 36 MILANO & EDIZIONI SAN PAOLO SRL,  Piazza Soncino, 5 CINISELLO BALSAMO (MI) -- ITALY